The pesticide question: environment, economics, and ethics
Spremljeno u:
| Format: | Knjiga |
|---|---|
| Jezik: | Undetermined |
| Izdano: |
New York
Chapman and Hall, Inc
1993
|
| Teme: | |
| Oznake: |
Dodaj oznaku
Bez oznaka, Budi prvi tko označuje ovaj zapis!
|
| Thư viện lưu trữ: | Trung tâm Học liệu Trường Đại học Cần Thơ |
|---|
| LEADER | 00545nam a2200157Ia 4500 | ||
|---|---|---|---|
| 001 | CTU_28257 | ||
| 008 | 210402s9999 xx 000 0 und d | ||
| 082 | |a 363.1792 | ||
| 082 | |b T374 | ||
| 245 | 4 | |a The pesticide question: environment, economics, and ethics | |
| 260 | |a New York | ||
| 260 | |b Chapman and Hall, Inc | ||
| 260 | |c 1993 | ||
| 650 | |a pesticides - environmental aspects,pesticides - goverment policy - United States,pesticides - health aspects | ||
| 904 | |i Liên, 981029 | ||
| 980 | |a Trung tâm Học liệu Trường Đại học Cần Thơ | ||